Hotel

Saved in:
Bibliographic Details
Main Author: Grófová, Veronika (Author)
Other Authors: Palková, Adela (Thesis advisor)
Format: Manuscript Book
Language:Slovak
Published: 2018
Subjects:
Online Access:http://is.stuba.sk/zp/portal_zp.pl?podrobnosti=137663
https://opac.crzp.sk/?fn=detailBiblioForm&sid=752BE197E3AE405D4687F179404B
Tags: Add Tag
No Tags, Be the first to tag this record!

MARC

LEADER 00000ntm a22000003a 4500
001 stuzp68523
003 SK-STU
005 20230619135449.1
007 ta
008 150427s2015----xo-----f-mn---000-0-slo-d
040 |a STU  |b slo 
041 0 |a slo 
100 1 |a Grófová, Veronika  |u 010180  |4 aut  |U SvF Stavebná fakulta  |T SvF Katedra konštrukcií pozemných stavieb  |X 55476  |U V180  |Y 18  |7 55476 
242 0 1 |a Hotel  |y eng 
245 1 0 |a Hotel 
260 |c 2018 
650 4 |a ubytovanie  |2 slo 
650 4 |a wellness  |2 slo 
650 4 |a reštaurácia  |2 slo 
650 4 |a wellness  |2 eng 
650 4 |a accommodation  |2 eng 
650 4 |a restaurant  |2 eng 
700 1 |a Palková, Adela  |u 010180  |k Z1  |4 ths  |U SvF Stavebná fakulta  |T SvF Katedra konštrukcií pozemných stavieb  |X 38081  |U V180  |Y 18  |7 A000038081 
856 4 |u http://is.stuba.sk/zp/portal_zp.pl?podrobnosti=137663 
856 4 |u https://opac.crzp.sk/?fn=detailBiblioForm&sid=752BE197E3AE405D4687F179404B